New York Mets All-time team - Statistics

General Stats
  • This quiz has been taken 294 times
    29 since last reset
  • The average score is 7 of 10
Answer Stats
Nickname Player % Correct
Catcher Mike Piazza
89%
Third Base David Wright
85%
Starting Pitcher Tom Seaver
85%
Right Field Darryl Strawberry
78%
First Base Pete Alonso
78%
Shortstop Jose Reyes
74%
Center Field Carlos Beltran
59%
Relief Pitcher Edwin Diaz
59%
Second Base Daniel Murphy
37%
Left Field Cleon Jones
33%
No matching quizzes found
Score Distribution
Percent of People with Each Score
Percentile by Number Answered
Your Score History
You have not taken this quiz since the last reset